| 000 | 00903nam a22002657a 4500 | ||
|---|---|---|---|
| 003 | PE SENCICO BE | ||
| 005 | 20251020182635.0 | ||
| 008 | 230504b |||||||| |||| 00| 0 eng d | ||
| 020 | _a978-84-15223-43-6 | ||
| 040 |
_aPE SENCICO BE _cPE SENCICO BE |
||
| 041 |
_aspa _aeng |
||
| 082 |
_a711.4 _bI5W |
||
| 110 | 1 |
_9238 _aInstituto Monsa de Ediciones |
|
| 245 | 1 |
_aWhich way to go? : _bplacemaking, wayfinding and signage design [diseño de arquitectura urbana en el espacio y señalética] / _cInstituto Monsa de Ediciones |
|
| 250 | _a[1a ed.] | ||
| 260 |
_aBarcelona : _bInstituto Monsa de Ediciones, _c2012 |
||
| 300 |
_a191 p. : _bil. col., diagrs., _c25 cm. |
||
| 650 | 1 | 4 |
_9762 _aDiseño urbano |
| 650 | 2 | 4 |
_9528 _aPlanificación urbana |
| 650 | 2 | 4 |
_9760 _aEspacios públicos |
| 650 | 2 | 4 |
_917 _aArtes visuales |
| 650 | 2 | 4 |
_9979 _aSeñalética |
| 910 |
_bhfp _chfp |
||
| 942 |
_2ddc _cLIB |
||
| 999 |
_c4124 _d4124 |
||